| 000 | 00725nam a22002177a 4500 | ||
|---|---|---|---|
| 999 |
_c15986 _d15986 |
||
| 003 | AR-CdUCM | ||
| 008 | 190430b ||||| |||| 00| 0 spa d | ||
| 040 |
_aMUNICIPALIDAD PROVINCIAL DEL CUSCO _cBIBLIOTECA MUNICIPAL DEL CUSCO |
||
| 082 |
_a868.38 / _bM72 |
||
| 100 |
_aMolina, Tirso de _910815 |
||
| 245 |
_aEl burlador de Sevilla : _bEl condenado por desconfiado. La prudencia en la mujer / |
||
| 260 |
_aBuenos Aires / _bLosada, _c1966. |
||
| 300 |
_a280 páginas ; _c19 cm. |
||
| 440 |
_aBiblioteca clásica y contemporánea _9912 |
||
| 505 | _aContenido :Teatro | ||
| 650 |
_aLiteratura española _9362 |
||
| 650 |
_aTeatro _9173 |
||
| 650 |
_aEdad de Oro _9870 |
||
| 942 |
_2ddc _cLIBROS |
||
| 945 |
_arjall _d2019-04-30 |
||